Persona 3/4/5 main character personas - Statistics

General Stats
  • This quiz has been taken 159 times
  • The average score is 47 of 74
Answer Stats
Hint Answer % Correct
Makoto Yuki/ Kotone Shiomi Orpheus
97%
Yu Narukami Izanagi
94%
Ren Amamiya Arsène
89%
Makoto Yuki/ Kotone Shiomi Thanatos
85%
Ryuji Sakamoto Captain Kidd
83%
Makoto Yuki/ Kotone Shiomi Messiah
83%
Aigis Athena
82%
Yusuke Kitagawa Goemon
82%
Yu Narukami Izanagi-No-Okami
82%
Goro Akechi Loki
82%
Goro Akechi Robin Hood
82%
Morgana Zorro
82%
Junpei Iori Hermes
81%
Ren Amamiya Satanael
81%
Akihiko Sanada Caesar
80%
Koromaru Cerberus
79%
Ann Takamaki Carmen
77%
Yukari Takeba Io
77%
Yukari Takeba Isis
75%
Makoto Nijima Johanna
75%
Haru Okumura Milady
73%
Akihiko Sanada Polydeuces
72%
Ken Amada Nemesis
70%
Ren Amamiya Raoul
70%
Makoto Yuki/ Kotone Shiomi Orpheus Telos
69%
Shinjiro Aragaki Castor
68%
Yosuke Hanamura Jiraiya
68%
Yosuke Hanamura Susano-o
68%
Junpei Iori Trismegistus
67%
Sumire Yoshizawa Cendrillon
66%
Aigis Palladion
66%
Chie Satonaka Tomoe
65%
Mitsuru Kirijo Artemisia
64%
Ken Amada Kala-Nemi
64%
Futaba Sakura Necronomicon
64%
Fuuka Yamagishi Juno
63%
Ann Takamaki Hecate
62%
Yukiko Amagi Amaterasu
61%
Ryuji Sakamoto William
61%
Morgana Mercurius
60%
Mitsuru Kirijo Penthesilea
60%
Ryuji Sakamoto Seiten Taisei
60%
Makoto Nijima Anat
59%
Sumire Yoshizawa Ella
59%
Yukiko Amagi Konohana Sakuya
59%
Fuuka Yamagishi Lucia
59%
Kanji Tatsumi Take-Mikazuchi
59%
Morgana Diego
58%
Futaba Sakura Prometheus
58%
Yusuke Kitagawa Kamu Susano-o
57%
Goro Akechi Hereward
56%
Metis Psyche
55%
Rise Kujikawa Himiko
54%
Teddie Kamui
54%
Sumire Yoshizawa Vanadis
54%
Futaba Sakura Al Azif
52%
Ann Takamaki Célestine
52%
Yusuke Kitagawa Gorokichi
52%
Naoto Shirogane Sukuna-Hikona
52%
Haru Okumura Astarte
50%
Rise Kujikawa Kouzeon
50%
Haru Okumura Lucy
50%
Makoto Nijima Agnes
49%
Teddie Kintoki-Douji
49%
Yosuke Hanamura Takehaya Susano-o
47%
Rise Kujikawa Kanzeon
46%
Chie Satonaka Suzuka Gongen
46%
Chie Satonaka Haraedo-no-Okami
44%
Kanji Tatsumi Rokuten Maoh
44%
Yukiko Amagi Sumeo-Okami
44%
Kanji Tatsumi Takeji Zaiten
43%
Naoto Shirogane Yamato-Takeru
43%
Teddie Kamui-Moshiri
42%
Naoto Shirogane Yamato Sumeragi
42%
No matching quizzes found
Score Distribution
Percent of People with Each Score
Percentile by Number Answered
Your Score History
You have not taken this quiz